| 000 | 01314nam a22003497a 4500 | ||
|---|---|---|---|
| 003 | CHAP | ||
| 005 | 20220817041418.0 | ||
| 008 | 971013s1978 r 00010 d | ||
| 010 | _a13696 | ||
| 011 | _a14668 | ||
| 035 | _a18742 | ||
| 040 | _cCHAP | ||
| 082 |
_a333 _bB44 |
||
| 100 | 0 | 0 |
_aBeek, Klaas Jan. _911249 |
| 245 | _aLand evaluation for agricultural development ; some explorations of land-use systems analysis with particular reference to Latin America | ||
| 260 |
_aWageningen : _bInternational Institute for Land Reclamation and Improvement, _c1978 |
||
| 300 | _a333 p. | ||
| 490 |
_aILRI. Publication _v; 23 |
||
| 590 |
_aBATCH-UPD _b10 _c20130109 _lUCH01 _h2336 |
||
| 590 |
_aBATCH-UPD _b10 _c20130110 _lUCH01 _h2237 |
||
| 590 |
_aBATCH-UPD _b10 _c20130410 _lUCH01 _h1531 |
||
| 590 |
_aBATCH-UPD _b10 _c20130914 _lUCH01 _h0555 |
||
| 590 |
_aBATCH-UPD _b10 _c20130914 _lUCH01 _h2111 |
||
| 590 |
_aCONVERSION _b10 _c20130109 _lUCH01 _h1309 |
||
| 650 | 1 | 4 |
_aTierras _xEvaluación. _9113113 |
| 710 | 0 |
_aInstituto Internacional de Rescate y Mejoramiento Técnico de Tierras. _959234 |
|
| 830 | 0 |
_aILRI publication _v; 23 |
|
| 901 | _aBK | ||
| 942 | _cLIBRO | ||
| 949 |
_a333 B44 _bBC _cLIBRO _d33724000339339 _eLIBRO _fc.2 _h59565 _i18742 _si |
||
| 949 |
_a333 B44 _bBC _cLIBRO _d33724000339347 _eLIBRO _h59464 _i18742 _si |
||
| 999 |
_c13696 _d13696 |
||